[Event "CZE-chT2D 2223"]
[Site "Czech Republic"]
[Date "2023.03.26"]
[Round "11.1"]
[White "Seidl, Stepan"]
[Black "Gloser, David"]
[Result "0-1"]
[WhiteElo "2145"]
[BlackElo "2268"]
[PlyCount "120"]
[EventDate "2022.10.16"]
[EventType "team-tourn"]
[EventRounds "11"]
[EventCountry "CZE"]
[SourceTitle "EXT 2024"]
[Source "ChessBase"]
[SourceDate "2023.10.10"]
[SourceVersion "1"]
[SourceVersionDate "2023.10.10"]
[SourceQuality "1"]
[WhiteTeam "Jihlava Gambit"]
[BlackTeam "Lipa"]
[WhiteTeamCountry "CZE"]
[BlackTeamCountry "CZE"]

1. e4 c5 2. Nf3 Nc6 3. Bb5 d6 4. 0-0 Bd7 5. c3 Nf6 6. Re1 a6 7. Bf1 Bg4 8. d3 e6 9. Be2 Be7 10. Nfd2 Bxe2 11. Qxe2 d5 12. Nf1 0-0 13. Ng3 Qc7 14. Nd2 Rfd8 15. Nf3 dxe4 16. dxe4 Ne5 17. Nxe5 Qxe5 18. f4 Qc7 19. c4 Nd7 20. Be3 Nb8 21. Red1 Nc6 22. Rxd8+ Rxd8 23. Rd1 Nd4 24. Bxd4 cxd4 25. e5 d3 26. Rxd3 Rxd3 27. Qxd3 Qb6+ 28. Kf1 Qxb2 29. Ne2 Qxa2 30. g3 h5 31. Kg2 Qa4 32. Kh3 Qb4 33. f5 exf5 34. Qxf5 Qxc4 35. Qxh5 Qe6+ 36. Kg2 g6 37. Qf3 Qxe5 38. Nf4 Qb5 39. h4 Qc6 40. Nd5 Bd8 41. Qd1 Qc4 42. Kh3 Qe4 43. Nf4 Qf5+ 44. g4 Qxf4 45. Qxd8+ Kh7 46. Qd3 b5 47. Qa3 Qf6 48. Kg3 Kg8 49. Qc1 Qe6 50. h5 Kh7 51. hxg6+ Qxg6 52. Qc3 Qd6+ 53. Kh3 b4 54. Qc2+ Kg7 55. Qb2+ Kg8 56. Kh4 a5 57. Qc2 Qf6+ 58. g5 Qf4+ 59. Kh5 Qg3 60. Qd2 Qh3# 0-1

[Event "CZE-chT1W 2223"]
[Site "Czech Republic"]
[Date "2023.03.19"]
[Round "10.6"]
[White "Seidl, Stepan"]
[Black "Benes, Petr1"]
[Result "1-0"]
[WhiteElo "2145"]
[BlackElo "2121"]
[PlyCount "71"]
[EventDate "2022.10.09"]
[EventType "team-tourn"]
[EventRounds "11"]
[EventCountry "CZE"]
[SourceTitle "EXT 2024"]
[Source "ChessBase"]
[SourceDate "2023.10.10"]
[SourceVersion "1"]
[SourceVersionDate "2023.10.10"]
[SourceQuality "1"]
[WhiteTeam "Gordic"]
[BlackTeam "Litomerice Slavoj"]
[WhiteTeamCountry "CZE"]
[BlackTeamCountry "CZE"]

1. e4 Nc6 2. d4 e5 3. d5 Nce7 4. h4 Nf6 5. f3 Nh5 6. Ne2 Ng6 7. g3 Bc5 8. Qd3 d6 9. Bg5 f6 10. Be3 Bb6 11. Bxb6 axb6 12. Qe3 h6 13. Nbc3 Bd7 14. f4 exf4 15. gxf4 Bg4 16. Rg1 Qd7 17. f5 Ne5 18. Rxg4 Nxg4 19. Qf3 Ne5 20. Qxh5+ Qf7 21. Qxf7+ Kxf7 22. Nd4 c5 23. dxc6 bxc6 24. Be2 b5 25. b3 Ra7 26. a4 Rc8 27. Nf3 Nd7 28. 0-0-0 b4 29. Na2 Nc5 30. Rxd6 Nxe4 31. Bc4+ Kf8 32. Rd4 Nf2 33. Be6 c5 34. Rd2 Ne4 35. Re2 Ng3 36. Rg2 1-0

[Event "CZE-chT2D 2223"]
[Site "Czech Republic"]
[Date "2022.10.16"]
[Round "1.1"]
[White "Jirousek, Jan"]
[Black "Seidl, Stepan"]
[Result "1-0"]
[WhiteElo "2141"]
[BlackElo "2145"]
[PlyCount "81"]
[EventDate "2022.10.16"]
[EventType "team-tourn"]
[EventRounds "11"]
[EventCountry "CZE"]
[SourceTitle "EXT 2024"]
[Source "ChessBase"]
[SourceDate "2023.10.10"]
[SourceVersion "1"]
[SourceVersionDate "2023.10.10"]
[SourceQuality "1"]
[WhiteTeam "Lanskroun"]
[BlackTeam "Jihlava Gambit"]
[WhiteTeamCountry "CZE"]
[BlackTeamCountry "CZE"]

1. d4 d5 2. c4 e6 3. Nf3 c5 4. cxd5 exd5 5. g3 Nc6 6. Nc3 Nf6 7. Bg2 cxd4 8. Nxd4 Bc5 9. Nxc6 bxc6 10. 0-0 0-0 11. Qc2 Bb6 12. Na4 Bg4 13. Nxb6 Qxb6 14. Bg5 Rfe8 15. Bxf6 gxf6 16. e3 Rab8 17. b3 Rbd8 18. Rac1 Rd6 19. Qc5 Red8 20. h3 Bf5 21. Rfd1 Bc8 22. Rd4 R8d7 23. Rg4+ Kh8 24. Qc2 d4 25. Rxd4 Rxd4 26. exd4 Rxd4 27. Qxc6 Be6 28. Qxb6 axb6 29. Rc2 b5 30. Kf1 b4 31. Ke2 Kg7 32. Rd2 Rxd2+ 33. Kxd2 Bf5 34. Kc1 Kf8 35. Kb2 Ke7 36. a3 bxa3+ 37. Kxa3 Kd6 38. Kb4 Bd3 39. Kc3 Bb5 40. Kd4 Be2 41. Bd5 1-0

[Event "CZE-chT2E 2122"]
[Site "Czech Republic"]
[Date "2022.04.03"]
[Round "11.2"]
[White "Seidl, Stepan"]
[Black "Jacko, Vladimir1"]
[Result "0-1"]
[WhiteElo "2173"]
[BlackElo "2319"]
[PlyCount "64"]
[EventDate "2021.10.17"]
[EventType "team-tourn"]
[EventRounds "11"]
[EventCountry "CZE"]
[SourceTitle "EXT 2024"]
[Source "ChessBase"]
[SourceDate "2023.10.10"]
[SourceVersion "1"]
[SourceVersionDate "2023.10.10"]
[SourceQuality "1"]
[WhiteTeam "Jihlava Gambit"]
[BlackTeam "Orechov Orel"]
[WhiteTeamCountry "CZE"]
[BlackTeamCountry "CZE"]

1. e4 c5 2. Nf3 g6 3. c3 Bg7 4. d4 cxd4 5. cxd4 d6 6. Be2 Nf6 7. Nc3 0-0 8. 0-0 Bg4 9. h3 Bxf3 10. Bxf3 Nc6 11. Be3 Qa5 12. Qd2 Rfc8 13. Rfd1 Rab8 14. a3 Qd8 15. b4 Nd7 16. Bg4 b5 17. Be2 a6 18. Rac1 Nb6 19. f4 Na7 20. d5 Rb7 21. Na2 Na4 22. Rxc8 Nxc8 23. Bd4 Bxd4+ 24. Qxd4 Rc7 25. Rd2 Ncb6 26. Bd1 Rc4 27. Qd3 Qc8 28. Bb3 Rc7 29. Re2 Nc3 30. Nxc3 Rxc3 31. Qd4 Rxb3 32. Qxb6 Qc1+ 0-1

[Event "CZE-chT2E 2122"]
[Site "Czech Republic"]
[Date "2022.03.20"]
[Round "10.2"]
[White "Stancik, Jakub"]
[Black "Seidl, Stepan"]
[Result "1-0"]
[WhiteElo "2079"]
[BlackElo "2173"]
[PlyCount "79"]
[EventDate "2021.10.17"]
[EventType "team-tourn"]
[EventRounds "11"]
[EventCountry "CZE"]
[SourceTitle "EXT 2024"]
[Source "ChessBase"]
[SourceDate "2023.10.10"]
[SourceVersion "1"]
[SourceVersionDate "2023.10.10"]
[SourceQuality "1"]
[WhiteTeam "Zlin"]
[BlackTeam "Jihlava Gambit"]
[WhiteTeamCountry "CZE"]
[BlackTeamCountry "CZE"]

1. e4 c5 2. Nf3 d6 3. d4 cxd4 4. Nxd4 Nf6 5. Nc3 Nc6 6. Bg5 e6 7. Qd2 Be7 8. 0-0-0 a6 9. f3 Bd7 10. Kb1 h6 11. Be3 Qc7 12. g4 Ne5 13. h4 0-0-0 14. Bf2 Bc6 15. Qe3 Nfd7 16. Be2 Nc5 17. f4 Ned7 18. Bf3 Nb6 19. b3 Rhe8 20. g5 g6 21. gxh6 Rh8 22. f5 gxf5 23. Nxc6 bxc6 24. exf5 e5 25. Qe2 d5 26. f6 Bd6 27. b4 Nc4 28. Bxd5 cxd5 29. Nxd5 Na3+ 30. Kb2 Qb7 31. Kxa3 Ne6 32. Ne7+ Kb8 33. Rxd6 Rxd6 34. Qxe5 Qxh1 35. Qxd6+ Nc7 36. Bg3 Qc1+ 37. Kb3 Qb1+ 38. Kc3 Qa1+ 39. Kd2 Qxa2 40. Qxc7+ 1-0

[Event "CZE-chT1E 2122"]
[Site "Czech Republic"]
[Date "2022.02.19"]
[Round "8.5"]
[White "Holemar, David"]
[Black "Seidl, Stepan"]
[Result "1-0"]
[WhiteElo "2197"]
[BlackElo "2173"]
[PlyCount "171"]
[EventDate "2021.10.09"]
[EventType "team-tourn"]
[EventRounds "11"]
[EventCountry "CZE"]
[SourceTitle "EXT 2023"]
[Source "ChessBase"]
[SourceDate "2022.10.05"]
[SourceVersion "1"]
[SourceVersionDate "2022.10.05"]
[SourceQuality "1"]
[WhiteTeam "Brno Moravska Slavia II"]
[BlackTeam "Gordic"]
[WhiteTeamCountry "CZE"]
[BlackTeamCountry "CZE"]

1. d4 d5 2. c4 e6 3. Nc3 c5 4. cxd5 exd5 5. e4 cxd4 6. Nxd5 Nc6 7. Bc4 Be6 8. Nf3 Nf6 9. Bg5 Be7 10. 0-0 Nxd5 11. exd5 Bxd5 12. Bxe7 Kxe7 13. Re1+ Kf8 14. Rc1 Bxc4 15. Rxc4 Qf6 16. Qb3 Rb8 17. Nxd4 Nxd4 18. Qb4+ Kg8 19. Rxd4 h6 20. Rd7 Kh7 21. Qe4+ Qg6 22. Rxf7 Rhe8 23. Re7 Rxe7 24. Qxe7 Qc2 25. Qe4+ Qxe4 26. Rxe4 Rd8 27. g3 Rd2 28. Rb4 b6 29. Rb5 Kg6 30. h4 Kf6 31. h5 Ke6 32. Kg2 Rd3 33. Kf1 Rd2 34. Kg2 Rd3 35. f4 Kd6 36. Kh3 Kc6 37. Rb3 Rd2 38. Kg4 a5 39. Kf5 Rd6 40. Rc3+ Kd7 41. Re3 Rf6+ 42. Kg4 Rd6 43. Re5 Rd2 44. Rb5 Kc6 45. Rb3 Rd5 46. Re3 Kd7 47. a4 Rd6 48. Kf5 Rf6+ 49. Ke5 Rc6 50. g4 Rc5+ 51. Ke4 Rc2 52. Rb3 Rc6 53. Re3 Rc2 54. Rb3 Rc4+ 55. Ke5 Rc6 56. Rb5 Re6+ 57. Kf5 Rf6+ 58. Ke4 Rc6 59. b3 Re6+ 60. Re5 Rc6 61. g5 Rc3 62. Kf5 Rc6 63. Re3 Rd6 64. Rg3 Ke8 65. gxh6 Rxh6 66. Rxg7 Rxh5+ 67. Kg4 Rh6 68. Rb7 Rc6 69. f5 Kd8 70. Kg5 Kc8 71. Ra7 Kb8 72. Re7 Rc3 73. f6 Rxb3 74. f7 Rf3 75. Re8+ Kb7 76. f8R Rg3+ 77. Kf4 Rd3 78. Re4 Rd2 79. Rf5 Kc6 80. Rc4+ Kb7 81. Rf7+ Ka6 82. Ke5 Ra2 83. Kd6 Rd2+ 84. Kc7 Rh2 85. Kb8 Rh8+ 86. Rc8 1-0

[Event "CZE-chT1E 2122"]
[Site "Czech Republic"]
[Date "2022.01.22"]
[Round "6.5"]
[White "Seidl, Stepan"]
[Black "Zidek, Vaclav"]
[Result "0-1"]
[WhiteElo "2173"]
[BlackElo "2110"]
[PlyCount "150"]
[EventDate "2021.10.09"]
[EventType "team-tourn"]
[EventRounds "11"]
[EventCountry "CZE"]
[SourceTitle "EXT 2023"]
[Source "ChessBase"]
[SourceDate "2022.10.05"]
[SourceVersion "1"]
[SourceVersionDate "2022.10.05"]
[SourceQuality "1"]
[WhiteTeam "Gordic"]
[BlackTeam "Poruba Slavoj II"]
[WhiteTeamCountry "CZE"]
[BlackTeamCountry "CZE"]

1. e4 e6 2. Qe2 Be7 3. Nf3 d5 4. d3 c5 5. g3 Nc6 6. Bg2 Nf6 7. 0-0 b5 8. Re1 0-0 9. Nbd2 Qc7 10. Nf1 Bb7 11. Bf4 Qb6 12. e5 Nd7 13. h4 Nd4 14. Nxd4 cxd4 15. Qg4 Rfc8 16. Bh6 Bf8 17. Re2 Rc7 18. Rc1 Rac8 19. Bg5 Qa5 20. a3 b4 21. Bd2 Qb6 22. Bxb4 Bxb4 23. axb4 Qxb4 24. c4 dxc4 25. Qxd4 Bxg2 26. Kxg2 Qb7+ 27. Kg1 cxd3 28. Rxc7 Qxc7 29. Qxd3 Nxe5 30. Qe4 Nd7 31. Ne3 Nf6 32. Qa4 Qb7 33. Rc2 Rxc2 34. Qxc2 h6 35. Qe2 Qe4 36. Qd1 Nd5 37. Nf1 Qc4 38. Nh2 a5 39. Nf3 a4 40. Ne5 Qe4 41. Nd3 Qd4 42. Qc2 g6 43. Nc5 a3 44. bxa3 Qa1+ 45. Kg2 Qxa3 46. Ne4 Qa8 47. Kh2 Qa7 48. Qc8+ Kg7 49. Qc2 Qd4 50. Qe2 Nb4 51. Kg2 Nd3 52. Nd2 Ne5 53. Kg1 Qd5 54. f3 f5 55. Kg2 Kf6 56. Nf1 g5 57. hxg5+ hxg5 58. Ne3 Qc6 59. Kf2 Qc5 60. Kg2 Qd4 61. Nf1 Nc4 62. Qf2 Qxf2+ 63. Kxf2 Ke5 64. Ne3 Nxe3 65. Kxe3 Kd5 66. Kd3 e5 67. Ke3 e4 68. Ke2 Kd4 69. Kf2 Kd3 70. g4 Kd2 71. gxf5 e3+ 72. Kg3 e2 73. Kg4 e1Q 74. Kxg5 Qe7+ 75. Kg6 Qf8 0-1

[Event "CZE-chT2C 1920"]
[Site "Czech Republic"]
[Date "2020.01.26"]
[Round "7.2"]
[White "Kawulok, Marek"]
[Black "Seidl, Stepan"]
[Result "0-1"]
[WhiteElo "2179"]
[BlackElo "2169"]
[PlyCount "144"]
[EventDate "2019.10.13"]
[EventType "team-tourn"]
[EventRounds "11"]
[EventCountry "CZE"]
[SourceTitle "EXT 2024"]
[Source "ChessBase"]
[SourceDate "2023.10.10"]
[SourceVersion "1"]
[SourceVersionDate "2023.10.10"]
[SourceQuality "1"]
[WhiteTeam "Neratovice II"]
[BlackTeam "Kutna Hora"]
[WhiteTeamCountry "CZE"]
[BlackTeamCountry "CZE"]

1. e4 c5 2. Nf3 Nc6 3. Bb5 g6 4. Bxc6 dxc6 5. d3 Bg7 6. h3 Nf6 7. 0-0 Nd7 8. Nc3 e5 9. Be3 Qe7 10. Qd2 f6 11. Nh2 g5 12. Ne2 Nf8 13. Ng3 Ng6 14. Nh5 b6 15. Ng4 Nf4 16. Bxf4 gxf4 17. Qe2 Qf7 18. g3 Ke7 19. Nxg7 Qxg7 20. Kg2 Rg8 21. Qf3 h5 22. Nh2 Qg5 23. Rh1 fxg3 24. fxg3 Qd2+ 25. Kg1 Bxh3 26. Nf1 Bxf1 27. Rxf1 Qg5 28. Kf2 Qd2+ 29. Kg1 Qg5 30. Kf2 Rh8 31. Ke2 Qg4 32. Rh4 Qxf3+ 33. Kxf3 Rag8 34. Rfh1 Rg5 35. Kf2 Kf7 36. g4 Kg6 37. Ke3 Rh7 38. gxh5+ Rgxh5 39. Rxh5 Rxh5 40. Rg1+ Rg5 41. Rb1 Rg2 42. c3 Kf7 43. a4 Rg3+ 44. Kd2 Rg2+ 45. Ke3 Rc2 46. a5 b5 47. Rh1 Rxb2 48. Rh7+ Kg6 49. Rxa7 Rc2 50. Rc7 c4 51. Rxc6 Rxc3 52. Rd6 Ra3 53. a6 cxd3 54. Rb6 Kg5 55. Rd6 b4 56. Rb6 d2+ 57. Kxd2 Kf4 58. Rxf6+ Kxe4 59. Rb6 Ra2+ 60. Ke1 Ke3 61. Kf1 e4 62. Rxb4 Kf3 63. Kg1 Rxa6 64. Rb8 e3 65. Rf8+ Ke2 66. Rb8 Rg6+ 67. Kh2 Kf2 68. Rf8+ Ke1 69. Ra8 e2 70. Rd8 Rg5 71. Rd7 Kf2 72. Rf7+ Ke3 0-1

[Event "CZE-chT1E 1819"]
[Site "Czech Republic"]
[Date "2019.04.07"]
[Round "11.5"]
[White "Seidl, Stepan"]
[Black "Mojzis, Jaroslav"]
[Result "1-0"]
[WhiteElo "2185"]
[BlackElo "2094"]
[PlyCount "87"]
[EventDate "2018.10.21"]
[EventType "team-tourn"]
[EventRounds "11"]
[EventCountry "CZE"]
[SourceTitle "EXT 2020"]
[Source "ChessBase"]
[SourceDate "2019.10.17"]
[SourceVersion "1"]
[SourceVersionDate "2019.10.17"]
[SourceQuality "1"]
[WhiteTeam "Gordic"]
[BlackTeam "Polabiny III"]
[WhiteTeamCountry "CZE"]
[BlackTeamCountry "CZE"]

1. e4 e5 2. Nf3 Nc6 3. Bc4 Nf6 4. d3 Be7 5. a3 d6 6. h3 0-0 7. Nbd2 Na5 8. Ba2 c5 9. c3 Nc6 10. b4 Qc7 11. Nf1 Be6 12. Ne3 Bxa2 13. Rxa2 cxb4 14. axb4 Nd8 15. Qb3 Ne6 16. 0-0 Nf4 17. c4 g6 18. Nd5 N4xd5 19. exd5 Kg7 20. Be3 a6 21. Rc1 Nd7 22. c5 dxc5 23. bxc5 Nxc5 24. Qc3 Rac8 25. Nxe5 f6 26. Ng4 Rfd8 27. d4 h5 28. Nh2 Bd6 29. dxc5 Bxh2+ 30. Kh1 Rxd5 31. g3 Bxg3 32. fxg3 Qd7 33. Kh2 Rd3 34. Rd2 Rxd2+ 35. Qxd2 Qxd2+ 36. Bxd2 Kf7 37. Kg2 Ke6 38. Kf3 Kd5 39. Be3 a5 40. Rb1 Ra8 41. Rxb7 a4 42. Rd7+ Kc4 43. c6 a3 44. c7 1-0

[Event "CZE-chT2D 1819"]
[Site "Czech Republic"]
[Date "2018.11.04"]
[Round "2.2"]
[White "Seidl, Stepan"]
[Black "Maslik, Miroslav"]
[Result "0-1"]
[WhiteElo "2185"]
[BlackElo "2351"]
[PlyCount "88"]
[EventDate "2018.10.14"]
[EventType "team-tourn"]
[EventRounds "11"]
[EventCountry "CZE"]
[SourceTitle "EXT 2022"]
[Source "ChessBase"]
[SourceDate "2021.10.06"]
[SourceVersion "1"]
[SourceVersionDate "2021.10.06"]
[SourceQuality "1"]
[WhiteTeam "Kutna Hora"]
[BlackTeam "Brno Moravska Slavia II"]
[WhiteTeamCountry "CZE"]
[BlackTeamCountry "CZE"]

1. Nf3 Nf6 2. g3 d5 3. Bg2 c6 4. 0-0 Bf5 5. d3 e6 6. Nbd2 Be7 7. Nh4 Bg4 8. h3 Bh5 9. g4 Nfd7 10. gxh5 Bxh4 11. e4 Na6 12. Qg4 Bf6 13. f4 Bxb2 14. Rb1 Bxc1 15. Rfxc1 Nf6 16. Qg5 dxe4 17. Qe5 Qe7 18. Bxe4 0-0-0 19. d4 Qd6 20. c3 Nxe4 21. Nxe4 Qd5 22. Ng5 f6 23. Qxe6+ Rd7 24. Qxd5 Rxd5 25. Ne4 Rxh5 26. Kg2 Kc7 27. Re1 Rd8 28. Nf2 b6 29. Kg3 Ra5 30. Rb2 Ra3 31. Re3 Rxd4 32. Rb3 Rxb3 33. axb3 Rd7 34. Kg4 Nc5 35. b4 Nb7 36. Re8 a5 37. Ra8 g6 38. f5 axb4 39. cxb4 Rd4+ 40. Kg3 Rd8 41. Ra6 gxf5 42. Kf4 Rd2 43. Nh1 Rh2 44. Ng3 Rxh3 0-1

[Event "Pardubice Czech op-E 29th"]
[Site "Pardubice"]
[Date "2018.07.14"]
[Round "4"]
[White "Seidl, Stepan"]
[Black "Tikovsky, Alexander"]
[Result "0-1"]
[WhiteElo "2177"]
[BlackElo "2169"]
[PlyCount "72"]
[EventDate "2018.07.12"]
[EventType "team"]
[EventRounds "7"]
[EventCountry "CZE"]
[SourceTitle "EXT 2019"]
[Source "ChessBase"]
[SourceDate "2018.10.10"]
[SourceVersion "1"]
[SourceVersionDate "2018.10.10"]
[SourceQuality "1"]
[WhiteTeam "Praha Oaza"]
[BlackTeam "Brno Moravska Slavia"]
[WhiteTeamCountry "CZE"]
[BlackTeamCountry "CZE"]

1. Nf3 g6 2. e4 Bg7 3. d4 d6 4. Bd3 Nc6 5. c3 Nf6 6. h3 0-0 7. Bg5 h6 8. Be3 e5 9. dxe5 Nxe5 10. Nxe5 dxe5 11. Na3 Nh5 12. Be2 Nf4 13. Bxf4 exf4 14. Qxd8 Rxd8 15. Rd1 Rxd1+ 16. Kxd1 Bd7 17. Kc2 Ba4+ 18. b3 Bc6 19. f3 a6 20. Bc4 Rd8 21. Nb1 b5 22. Bd3 Kf8 23. Rd1 Ke7 24. Nd2 Be8 25. Be2 c5 26. Nb1 Rxd1 27. Bxd1 Kd6 28. Nd2 Bd7 29. Be2 Ke5 30. Kd3 Bf6 31. Kc2 Bh4 32. a3 Be1 33. Kd1 Bf2 34. Kc2 Be6 35. a4 Bd7 36. axb5 axb5 0-1

[Event "CZE-chT2C 1718"]
[Site "Czech Republic"]
[Date "2018.04.08"]
[Round "11.1"]
[White "Seidl, Stepan"]
[Black "Hrdina, Robin"]
[Result "0-1"]
[WhiteElo "2188"]
[BlackElo "2165"]
[PlyCount "76"]
[EventDate "2017.10.15"]
[EventType "team-tourn"]
[EventRounds "11"]
[EventCountry "CZE"]
[SourceTitle "EXT 2022"]
[Source "ChessBase"]
[SourceDate "2021.10.06"]
[SourceVersion "1"]
[SourceVersionDate "2021.10.06"]
[SourceQuality "1"]
[WhiteTeam "Jihlava Gambit"]
[BlackTeam "Vlasim"]
[WhiteTeamCountry "CZE"]
[BlackTeamCountry "CZE"]

1. Nf3 d5 2. b3 Nf6 3. c4 e6 4. Bb2 Be7 5. g3 0-0 6. Bg2 c6 7. 0-0 Nbd7 8. d3 Re8 9. Nbd2 Bf8 10. Qc2 e5 11. e3 a5 12. a3 h6 13. Rac1 Qe7 14. Nb1 e4 15. Ne1 Nc5 16. dxe4 dxe4 17. Nc3 Bf5 18. Rd1 Rad8 19. Rd4 Rxd4 20. exd4 e3 21. Qxf5 e2 22. Nxe2 Qxe2 23. Bc1 Nxb3 24. Nf3 Qxc4 25. Be3 a4 26. Ne5 Nxd4 27. Nxc4 Nxf5 28. Rb1 Nxe3 29. fxe3 b5 30. Bxc6 bxc4 31. Bxe8 Nxe8 32. Rc1 Nd6 33. e4 f6 34. Kf2 c3 35. Ke3 Nb5 36. Kd3 Bxa3 37. Rf1 Bb2 38. Rf5 a3 0-1

[Event "CZE-chT2C 1718"]
[Site "Czech Republic"]
[Date "2018.02.25"]
[Round "9.1"]
[White "Seidl, Stepan"]
[Black "Vokac, Marek"]
[Result "1/2-1/2"]
[WhiteElo "2188"]
[BlackElo "2400"]
[PlyCount "83"]
[EventDate "2017.10.15"]
[EventType "team-tourn"]
[EventRounds "11"]
[EventCountry "CZE"]
[SourceTitle "EXT 2022"]
[Source "ChessBase"]
[SourceDate "2021.10.06"]
[SourceVersion "1"]
[SourceVersionDate "2021.10.06"]
[SourceQuality "1"]
[WhiteTeam "Jihlava Gambit"]
[BlackTeam "Ceske Budejovice"]
[WhiteTeamCountry "CZE"]
[BlackTeamCountry "CZE"]

1. Nf3 g6 2. e4 Bg7 3. d4 d6 4. Be2 a6 5. 0-0 b5 6. Qe1 Bb7 7. a4 Bxe4 8. axb5 Nf6 9. bxa6 0-0 10. b4 c6 11. c3 Nxa6 12. Nbd2 Bxf3 13. Bxf3 d5 14. Nb3 Nc7 15. Rxa8 Nxa8 16. Bf4 Nb6 17. Na5 Qd7 18. Qe2 Ra8 19. Re1 e6 20. h3 Ne8 21. Qe3 Nd6 22. Bxd6 Qxd6 23. Bg4 Nd7 24. h4 h5 25. Bh3 Kh7 26. g3 Qc7 27. Ra1 Nb6 28. Bf1 e5 29. dxe5 Bxe5 30. Re1 Nd7 31. c4 Bf6 32. cxd5 cxd5 33. Rc1 Qd6 34. Nc6 Bg7 35. Qe7 Qxe7 36. Nxe7 d4 37. b5 Ra3 38. Nd5 d3 39. Rd1 Nc5 40. Nf4 Bd4 41. Bxd3 Be5 42. Bc4 1/2-1/2

[Event "CZE-chT1E 1718"]
[Site "Czech Republic"]
[Date "2018.02.18"]
[Round "8.2"]
[White "Seidl, Stepan"]
[Black "Sikorova, Olga"]
[Result "1/2-1/2"]
[WhiteElo "2188"]
[BlackElo "2182"]
[PlyCount "39"]
[EventDate "2017.10.22"]
[EventType "team-tourn"]
[EventRounds "11"]
[EventCountry "CZE"]
[SourceTitle "EXT 2019"]
[Source "ChessBase"]
[SourceDate "2018.10.10"]
[SourceVersion "1"]
[SourceVersionDate "2018.10.10"]
[SourceQuality "1"]
[WhiteTeam "Gordic"]
[BlackTeam "Trinec"]
[WhiteTeamCountry "CZE"]
[BlackTeamCountry "CZE"]

1. Nf3 Nf6 2. c4 g6 3. b3 Bg7 4. Bb2 0-0 5. g3 b6 6. Bg2 Bb7 7. 0-0 e6 8. d3 c5 9. Nbd2 Qe7 10. e3 d6 11. Qc2 Nc6 12. a3 Rfd8 13. Rfd1 Rac8 14. Rac1 d5 15. cxd5 exd5 16. Qb1 b5 17. Qa1 Ne8 18. Bxg7 Nxg7 19. Bh3 Rc7 20. Qc3 1/2-1/2

[Event "CZE-chT2C 1718"]
[Site "Czech Republic"]
[Date "2018.02.11"]
[Round "8.1"]
[White "Havlik, Jan"]
[Black "Seidl, Stepan"]
[Result "1-0"]
[WhiteElo "2404"]
[BlackElo "2188"]
[PlyCount "83"]
[EventDate "2017.10.15"]
[EventType "team-tourn"]
[EventRounds "11"]
[EventCountry "CZE"]
[SourceTitle "EXT 2022"]
[Source "ChessBase"]
[SourceDate "2021.10.06"]
[SourceVersion "1"]
[SourceVersionDate "2021.10.06"]
[SourceQuality "1"]
[WhiteTeam "Pisek"]
[BlackTeam "Jihlava Gambit"]
[WhiteTeamCountry "CZE"]
[BlackTeamCountry "CZE"]

1. e4 d6 2. d4 Nf6 3. Nc3 g6 4. Be3 c6 5. f3 Nbd7 6. Qd2 b5 7. Bd3 a6 8. Nce2 c5 9. c3 Qa5 10. b4 Qc7 11. bxc5 dxc5 12. Nh3 Bg7 13. 0-0 0-0 14. e5 Nd5 15. Bh6 N7b6 16. Bxg7 Kxg7 17. Nhf4 f6 18. Be4 Rd8 19. Ng3 f5 20. Bxd5 Nxd5 21. Rfd1 e6 22. Nxd5 Rxd5 23. Qg5 Kf8 24. Ne2 Qe7 25. Qh6+ Qg7 26. Qxg7+ Kxg7 27. Nf4 Rd8 28. dxc5 Re8 29. Rd6 Re7 30. Rad1 Kf7 31. Rb6 Rc7 32. c6 a5 33. Ne2 b4 34. Nd4 Ra6 35. Rxa6 Bxa6 36. cxb4 axb4 37. Rb1 Bc4 38. Rxb4 Bd5 39. a4 Ke7 40. Rb6 Ra7 41. Nb5 Rxa4 42. c7 1-0

[Event "CZE-chT2C 1718"]
[Site "Czech Republic"]
[Date "2017.11.19"]
[Round "3.1"]
[White "Neckar, Lubomir"]
[Black "Seidl, Stepan"]
[Result "0-1"]
[WhiteElo "2309"]
[BlackElo "2188"]
[PlyCount "78"]
[EventDate "2017.10.15"]
[EventType "team-tourn"]
[EventRounds "11"]
[EventCountry "CZE"]
[SourceTitle "EXT 2022"]
[Source "ChessBase"]
[SourceDate "2021.10.06"]
[SourceVersion "1"]
[SourceVersionDate "2021.10.06"]
[SourceQuality "1"]
[WhiteTeam "Praha Eurovia"]
[BlackTeam "Jihlava Gambit"]
[WhiteTeamCountry "CZE"]
[BlackTeamCountry "CZE"]

1. Nf3 d5 2. g3 Nf6 3. Bg2 Bf5 4. 0-0 c6 5. d3 h6 6. Nfd2 e5 7. e4 dxe4 8. dxe4 Be6 9. Qe2 Qc7 10. Nc4 Na6 11. b3 Bc5 12. Bb2 Bxc4 13. Qxc4 Rd8 14. Qe2 0-0 15. Nd2 Bd4 16. c3 Bc5 17. b4 Be7 18. Nc4 Nd7 19. a4 Nab8 20. a5 Rfe8 21. Rad1 Nf6 22. Bc1 b5 23. axb6 axb6 24. Rxd8 Rxd8 25. Be3 Nbd7 26. Ra1 Qb7 27. f3 Ra8 28. Qb2 b5 29. Rxa8+ Qxa8 30. Qa3 Qd8 31. Nb2 c5 32. bxc5 Qc8 33. Nd3 Kf8 34. Qa7 Nb8 35. Nxe5 Nfd7 36. Nxd7+ Nxd7 37. Bh3 Bxc5 38. Bxc5+ Qxc5+ 39. Qxc5+ Nxc5 0-1

[Event "CZE-chT1E 1718"]
[Site "Czech Republic"]
[Date "2017.10.22"]
[Round "1.4"]
[White "Seidl, Stepan"]
[Black "Gibiec, Ernest"]
[Result "0-1"]
[WhiteElo "2188"]
[BlackElo "2153"]
[PlyCount "96"]
[EventDate "2017.10.22"]
[EventType "team-tourn"]
[EventRounds "11"]
[EventCountry "CZE"]
[SourceTitle "CBM 181 Extra"]
[Source "ChessBase"]
[SourceDate "2017.12.12"]
[SourceVersion "1"]
[SourceVersionDate "2017.12.12"]
[SourceQuality "1"]
[WhiteTeam "Gordic"]
[BlackTeam "Cesky Tesin"]
[WhiteTeamCountry "CZE"]
[BlackTeamCountry "CZE"]

1. Nf3 d5 2. g3 Nf6 3. Bg2 c6 4. b3 Bf5 5. Bb2 e6 6. 0-0 Nbd7 7. d3 Be7 8. Nbd2 Qc7 9. c4 0-0 10. Qc2 Rfe8 11. Rad1 h6 12. Qb1 a5 13. a3 Bg6 14. Qa1 Rec8 15. Rc1 Qd8 16. Rfd1 Qf8 17. Qa2 Bd6 18. Bh3 Rd8 19. Bg2 Qe7 20. Nf1 e5 21. cxd5 cxd5 22. Ne3 Qe6 23. h3 Rac8 24. a4 d4 25. Nc4 b6 26. Ba3 Bc5 27. Bxc5 Rxc5 28. Qd2 Nd5 29. Re1 Nb4 30. Nh4 Bh7 31. Kh2 Nf6 32. Red1 e4 33. dxe4 Bxe4 34. Nf3 d3 35. e3 Bxf3 36. Bxf3 Rd7 37. Qb2 Rf5 38. Bg4 Nxg4+ 39. hxg4 Rfd5 40. f3 d2 41. Rc3 Nd3 42. Qc2 Ne1 43. Qe4 Qf6 44. Qe8+ Kh7 45. e4 Rd8 46. e5 Qxf3 47. Rxf3 Nxf3+ 48. Kg2 Ne1+ 0-1